Swiss Railway Zurich S-Bahn Stops #2 - Statistics

General Stats
  • This quiz has been taken 142 times
  • The average score is 60 of 92
Answer Stats
S-Bahn Zürich % Correct
Zürich HB
99%
Zürich HB
99%
Zürich HB
99%
Zürich HB
99%
Zürich HB
99%
Zürich Oerlikon
89%
Zürich Oerlikon
89%
Zürich Oerlikon
89%
Zürich Oerlikon
89%
Winterthur
88%
Winterthur
88%
Zürich Hardbrücke
86%
Zürich Hardbrücke
86%
Zürich Hardbrücke
86%
Zürich Stadelhofen
84%
Zürich Stadelhofen
84%
Zürich Stadelhofen
84%
Horgen
80%
Pfäffikon SZ
79%
Rapperswil
79%
Thalwil
79%
Kloten
78%
Meilen
78%
Meilen
78%
Uetliberg
78%
Uster
77%
Zürich Enge
77%
Effretikon
76%
Effretikon
76%
Zürich Wiedikon
74%
Baden
73%
Wädenswil
73%
Dietlikon
72%
Schaffhausen
72%
Wallisellen
72%
Zürich Tiefenbrunnen
71%
Zürich Selnau
70%
Bülach
68%
Stettbach
67%
Zürich Wollishofen
66%
Kilchberg ZH
65%
Bassersdorf
64%
Richterswil
64%
Stäfa
64%
Uetikon
64%
Uetikon
64%
Dübendorf
63%
Küsnacht Goldbach
63%
Wettingen
63%
Zürich Triemli
63%
Herrliberg-Feldmeilen
62%
Küsnacht ZH
62%
Neuhausen
62%
Rafz
62%
Uitikon Waldegg
62%
Kloten Balsberg
61%
Niederglatt
61%
Oberglatt ZH
61%
Opfikon
61%
Zollikon
61%
Zürich Seebach
60%
Rümlang
59%
Glattbrugg
58%
Männedorf
58%
Zürich Binz
57%
Au ZH
56%
Erlenbach ZH
55%
Jestetten
55%
Zürich Affoltern
55%
Schwerzenbach ZH
54%
Uerikon
54%
Eglisau
53%
Oberrieden
53%
Rüschlikon
53%
Ringlikon
51%
Glattfelden
49%
Lottstetten
48%
Zürich Friesenberg
48%
Freienbach SBB
47%
Kempraten
46%
Otelfingen
46%
Nänikon-Greifensee
44%
Otelfingen Golfpark
44%
Regensdorf-Watt
44%
Neuhausen Rheinfall
42%
Würenlos
41%
Zürich Schweighof
41%
Bäch SZ
40%
Winkel am Zürichsee
39%
Hüntwangen-Wil
38%
Feldbach
36%
Buchs-Dällikon
26%
No matching quizzes found
Score Distribution
Percent of People with Each Score
Percentile by Number Answered
Your Score History
You have not taken this quiz